000 00359nam a22001457a 4500
003 OSt
005 20160727222344.0
008 160621b xxu||||| |||| 00| 0 eng d
040 _cTEST
100 _9200
_aSapna
245 _aSnow white and Rose-Red
_bSnow white and Rose-Red
260 _aD
_bDhingra
_c1990
300 _aSnow white and Rose-Red
942 _2ddc
_cBK
999 _c158
_d158